| 000 | 01110nam a2200121Ia 4500 | ||
|---|---|---|---|
| 008 | 220620s9999||||xx |||||||||||||| ||und|| | ||
| 100 | _aAgnew, Brian||Tam, Ivan CK||Shi, Xiaojun | ||
| 245 | 0 | _aOptimization of Heat and Mass Exchange | |
| 546 | _aEnglish[eng] | ||
| 650 | _athree-dimensional temperature field||n/a||forced convection||RNG k-? model||PIV measurements||water friction loss||flat plate||horizontal||optimization||casson fluid||finned tube||plate-fin heat sink||computational fluid dynamics (CFD)||plate heat exchanger||partial heating||thermo-diffusion||HEN synthesis||Keller-Box technique||visualization experiment||ice-cream||modelling||computational intelligence techniques||canned motor||boiling||heat transfer||operating condition||vertical||phase change||flow distribution characteristics||scraped surface heat exchanger||heat flux||numerical simulation||aspect ratio||orientation||axisymmetric flow||CACRS||natural convection||MINLP||multi-slip||ice storage||viscosity||axial piston pump||crystallization||multiphase flow | ||
| 856 | _uhttps://mdpi.com/books/pdfview/book/2233 | ||
| 942 | _cEB | ||
| 999 |
_c22177 _d22177 |
||